00337nam a2200121Ia 4500008004100000082002000041100002000061245001500081260004000096300000900136630001800145650005200163211109s9999||||xx |||||||||||||| ||und|| a894.8121bSUG-R aSugathakumari,  0aRatrimazha bNational Book StallaKottayamc1977 a122p xGeneral Stack aMalayalam LiteraturevMalayalam PoetryMalayalam